00399pab a2200145 454500008004000000100002100040245007100061260000900132300001600141362001100157650001400168650001800182700001900200773003400219180718b2007 xxu||||| |||| 00| 0 eng d aKathuria, Vinish aVulnerability to air pollution: is there any inequity in exposure? c2007 ap.3158-165. a28 Jul aPollution aAir pollution aKhan, Nisar A. aEconomic and Political Weekly